Bharane (Record no. 239397)

MARC details
000 -LEADER
fixed length control field 00363nam a2200145Ia 4500
005 - DATE AND TIME OF LATEST TRANSACTION
control field 20250729165731.0
008 - FIXED-LENGTH DATA ELEMENTS--GENERAL INFORMATION
fixed length control field 250729s2011 xx 000 0 und d
041 ## - LANGUAGE CODE
Language code of text/sound track or separate title kan
082 ## - DEWEY DECIMAL CLASSIFICATION NUMBER
Classification number 494.50 PRAB
100 ## - MAIN ENTRY--PERSONAL NAME
Personal name Prabhakara Neermarga
9 (RLIN) 231669
245 ## - TITLE STATEMENT
Title Bharane
260 ## - PUBLICATION, DISTRIBUTION, ETC.
Place of publication, distribution, etc. Mangalore
Name of publisher, distributor, etc. Hemavathi Prakashana
Date of publication, distribution, etc. 2011
300 ## - PHYSICAL DESCRIPTION
Extent 184p
650 ## - SUBJECT ADDED ENTRY--TOPICAL TERM
Topical term or geographic name entry element Kannada
9 (RLIN) 231670
Holdings
Withdrawn status Lost status Damaged status Not for loan Home library Current library Date acquired Source of acquisition Cost, normal purchase price Total Checkouts Full call number Barcode Date last seen Cost, replacement price Price effective from Koha item type
        St Aloysius Library St Aloysius Library 07/29/2025 Management Books 130.00   494.50 PRAB BED04716 07/29/2025 130.00 07/29/2025 Book